ANDREI ROUBLEV (Record n. 106316)
[ formato base ]
| 000 -LEADER | |
|---|---|
| fixed length control field | 01270agaaa2200301 4500 |
| 001 - CONTROL NUMBER | |
| control field | 5300 |
| 003 - CONTROL NUMBER IDENTIFIER | |
| control field | IT-RoPAU |
| 005 - DATE AND TIME OF LATEST TRANSACTION | |
| control field | 20220918181243.0 |
| 007 - PHYSICAL DESCRIPTION FIXED FIELD--GENERAL INFORMATION | |
| fixed length control field | d cvaizq |
| 008 - FIXED-LENGTH DATA ELEMENTS--GENERAL INFORMATION | |
| fixed length control field | 50131s9999||||xx ||| | || ||und|| |
| 040 ## - CATALOGING SOURCE | |
| Original cataloging agency | IT-RoPAU |
| Transcribing agency | IT-RoPAU |
| 041 ## - LANGUAGE CODE | |
| Language code of text/sound track or separate title | ITALIANO |
| 100 ## - MAIN ENTRY--PERSONAL NAME | |
| Personal name | Tarkovskij Andrej |
| Miscellaneous information | Codice regista SPICS: 1652 |
| 9 (RLIN) | 46225 |
| 130 ## - MAIN ENTRY--UNIFORM TITLE | |
| Uniform title | ANDREI ROUBLEV |
| 9 (RLIN) | 46226 |
| 245 ## - TITLE STATEMENT | |
| Title | ANDREI ROUBLEV |
| Statement of responsibility, etc. | Prodotto da: Mosfilm Diretto da: Tarkovskij Andrej |
| Name of part/section of a work | ANDREI ROUBLEV (Rif. Codice opera principale : A5300) |
| 250 ## - EDITION STATEMENT | |
| Edition statement | Edizione Standard |
| 260 ## - PUBLICATION, DISTRIBUTION, ETC. (IMPRINT) | |
| Place of publication, distribution, etc. | (URSS) |
| Name of publisher, distributor, etc. | MOSFILM / |
| Date of manufacture | "1969 (1° ed.: 1991 ; Ed. Lingua Orig.: 1969)" |
| 300 ## - PHYSICAL DESCRIPTION | |
| Extent | VHS |
| Other physical details | sonoro, col. |
| Dimensions | 140 minuti |
| 508 ## - CREATION/PRODUCTION CREDITS NOTE | |
| Creation/production credits note | "Fotografia: Jusov Vadim; Montaggio: Fejghinova Egoryceva; Musica: Ovcinnikov Viaceslav; Scenografia: Cernjaev E.; " |
| 511 ## - PARTICIPANT OR PERFORMER NOTE | |
| Participant or performer note | "Solonicyn Anatolij; Lapikov Ivan; Grinko Nikolaj; Sergheev Nikolaj; Raus Irma" |
| 520 ## - SUMMARY, ETC. | |
| Summary, etc. | VEDI ANCHE 9960/76450 9960/79208 9960/79207 |
| 538 ## - SYSTEM DETAILS NOTE | |
| System details note | PAL, STEREO |
| 546 ## - LANGUAGE NOTE | |
| Language note | ITALIANO |
| 650 ## - SUBJECT ADDED ENTRY--TOPICAL TERM | |
| Topical term or geographic name as entry element | DRAMMATICO |
| Relator term | FILMS [VHS] |
| General subdivision | Codice MATERIA SPICS: 9960 |
| 9 (RLIN) | 34083 |
| 700 ## - ADDED ENTRY--PERSONAL NAME | |
| Personal name | Ovcinnikov Viaceslav |
| Relator term | (musica) |
| Miscellaneous information | Codice Musica SPICS: 26929 |
| 9 (RLIN) | 46227 |
| 700 ## - ADDED ENTRY--PERSONAL NAME | |
| Personal name | Tarkovskij Andrej |
| Relator term | (regista) |
| Miscellaneous information | Codice regista SPICS: 1652 |
| 9 (RLIN) | 46228 |
| 942 ## - ADDED ENTRY ELEMENTS (KOHA) | |
| Koha item type | VHS - VIDEO |
| Source of classification or shelving scheme | Dewey Decimal Classification |
| Withdrawn status | Lost status | Damaged status | Not for loan | Home library | Current library | Date acquired | Total Checkouts | Full call number | Date last seen | Price effective from | Koha item type | Public note |
|---|---|---|---|---|---|---|---|---|---|---|---|---|
| Buone Condizioni | Not For Loan | SPICS-MEDIATECA | SPICS-MEDIATECA | 31/01/2015 | A5300 | 31/01/2015 | 31/01/2015 | VHS - VIDEO | Progr. Ins.: 58 / N.Vol.:1 / Copie: 1 / Pag.:0 / Copia rara: n.d. / date import: 1.2.2015 / By Epidotti, Trombetti, Vaglietti |